Histoire de Gaza / (Record no. 28067)

MARC details
000 -LEADER
campo de control de longitud fija 01672cam a2200505 a 4500
001 - NÚMERO DE CONTROL
campo de control 111927
003 - IDENTIFICADOR DE NÚMERO DE CONTROL
campo de control BJBSDDR
005 - FECHA Y HORA DE LA ÚLTIMA TRANSACCIÓN
campo de control 20231017121927.0
007 - CAMPO FIJO DE DESCRIPCIÓN FÍSICA--INFORMACIÓN GENERAL
campo de control de longitud fija ta
008 - DATOS DE LONGITUD FIJA--INFORMACIÓN GENERAL
campo de control de longitud fija 120424s2012 fr ab b 001 0 fre
010 ## - NÚMERO DE CONTROL DE LA BIBLIOTECA DEL CONGRESO
Número de control de LC 2012445548
020 ## - NÚMERO INTERNACIONAL ESTÁNDAR DEL LIBRO
Número Internacional Estándar del Libro 9782213662183
020 ## - NÚMERO INTERNACIONAL ESTÁNDAR DEL LIBRO
Número Internacional Estándar del Libro 2213662185
035 ## - NÚMERO DE CONTROL DEL SISTEMA
Número de control de sistema 17309555
035 ## - NÚMERO DE CONTROL DEL SISTEMA
Número de control de sistema (FrPJT)JTL00312113
040 ## - FUENTE DE CATALOGACIÓN
Centro catalogador/agencia de origen DLC
Centro/agencia transcriptor DLC
Centro/agencia modificador DLC
Lengua de catalogación eng
041 ## - CÓDIGO DE IDIOMA
Código de lengua del texto/banda sonora o título independiente fre
042 ## - CÓDIGO DE AUTENTICACIÓN
Código de autenticación pcc
043 ## - CÓDIGO DE ÁREA GEOGRÁFICA
Código de área geográfica awgz---
050 14 - SIGNATURA TOPOGRÁFICA DE LA BIBLIOTECA DEL CONGRESO
Número de clasificación 430 DS 110
Número de ítem F483h 2012
082 00 - NÚMERO DE LA CLASIFICACIÓN DECIMAL DEWEY
Número de clasificación 953/.1
100 1# - ENTRADA PRINCIPAL--NOMBRE DE PERSONA
Nombre de persona Filiu, Jean-Pierre,
Fechas asociadas al nombre 1961-
9 (RLIN) 30790
245 10 - MENCIÓN DEL TÍTULO
Título Histoire de Gaza /
Mención de responsabilidad, etc. Jean-Pierre Filiu.
260 ## - PUBLICACIÓN, DISTRIBUCIÓN, ETC.
Lugar de publicación, distribución, etc. [Paris] :
Nombre del editor, distribuidor, etc. Fayard,
Fecha de publicación, distribución, etc. c2012.
300 ## - DESCRIPCIÓN FÍSICA
Extensión 436 pages, [16] pages of plates :
Otras características físicas illustrations, maps ;
Dimensiones 24 cm.
504 ## - NOTA DE BIBLIOGRAFÍA, ETC.
Nota de bibliografía, etc. Includes bibliographical references (p. [421]-424) and indexes.
650 #0 - PUNTO DE ACCESO ADICIONAL DE MATERIA--TÉRMINO DE MATERIA
Término de materia o nombre geográfico como elemento de entrada Arab-Israeli conflict.
650 #0 - PUNTO DE ACCESO ADICIONAL DE MATERIA--TÉRMINO DE MATERIA
Término de materia o nombre geográfico como elemento de entrada Social conflict
Subdivisión geográfica Gaza Strip
Subdivisión general History.
650 #0 - PUNTO DE ACCESO ADICIONAL DE MATERIA--TÉRMINO DE MATERIA
Término de materia o nombre geográfico como elemento de entrada Land settlement
Subdivisión geográfica Gaza.
650 #4 - PUNTO DE ACCESO ADICIONAL DE MATERIA--TÉRMINO DE MATERIA
Término de materia o nombre geográfico como elemento de entrada Conflicto árabe-israelí
9 (RLIN) 1529
650 #4 - PUNTO DE ACCESO ADICIONAL DE MATERIA--TÉRMINO DE MATERIA
Término de materia o nombre geográfico como elemento de entrada Conflicto social
Subdivisión general Historia
9 (RLIN) 6842
Subdivisión geográfica Franja de Gaza
650 #4 - PUNTO DE ACCESO ADICIONAL DE MATERIA--TÉRMINO DE MATERIA
Término de materia o nombre geográfico como elemento de entrada Asentamientos de ocupantes ilegales
9 (RLIN) 32629
Subdivisión geográfica Gaza
651 #0 - PUNTO DE ACCESO ADICIONAL DE MATERIA--NOMBRE GEOGRÁFICO
Nombre geográfico Gaza
Subdivisión general History.
651 #0 - PUNTO DE ACCESO ADICIONAL DE MATERIA--NOMBRE GEOGRÁFICO
Nombre geográfico Gaza Strip
Subdivisión general History.
651 #0 - PUNTO DE ACCESO ADICIONAL DE MATERIA--NOMBRE GEOGRÁFICO
Nombre geográfico Gaza Strip
Subdivisión general Economic conditions.
651 #0 - PUNTO DE ACCESO ADICIONAL DE MATERIA--NOMBRE GEOGRÁFICO
Nombre geográfico Gaza Strip
Subdivisión general Social conditions.
651 #0 - PUNTO DE ACCESO ADICIONAL DE MATERIA--NOMBRE GEOGRÁFICO
Nombre geográfico Gaza Strip
Subdivisión general Politics and government.
651 #4 - PUNTO DE ACCESO ADICIONAL DE MATERIA--NOMBRE GEOGRÁFICO
Nombre geográfico Gaza (Palestina)
Subdivisión general Historia
9 (RLIN) 32625
651 #4 - PUNTO DE ACCESO ADICIONAL DE MATERIA--NOMBRE GEOGRÁFICO
Nombre geográfico Franja de Gaza
Subdivisión general Historia
9 (RLIN) 32627
651 #4 - PUNTO DE ACCESO ADICIONAL DE MATERIA--NOMBRE GEOGRÁFICO
Nombre geográfico Franja de Gaza
Subdivisión general Condiciones sociales
9 (RLIN) 32626
651 #4 - PUNTO DE ACCESO ADICIONAL DE MATERIA--NOMBRE GEOGRÁFICO
Nombre geográfico Franja de Gaza
Subdivisión general Condiciones económicas
9 (RLIN) 32628
651 #4 - PUNTO DE ACCESO ADICIONAL DE MATERIA--NOMBRE GEOGRÁFICO
Nombre geográfico Franja de Gaza
Subdivisión general Política y gobierno
9 (RLIN) 1530
942 ## - ELEMENTOS DE ENTRADA SECUNDARIOS (KOHA)
Fuente del sistema de clasificación o colocación Clasificación de Library of Congress
Tipo de ítem Koha Libro
946 ## - PROCESAMIENTO DE INFORMACIÓN LOCAL (OCLC)
a lmd
Holdings
Estatus retirado Estado de pérdida Fuente del sistema de clasificación o colocación Estado de daño No para préstamo Colección Biblioteca de origen Biblioteca actual Ubicación en estantería Fecha de adquisición Signatura topográfica completa Código de barras Visto por última vez Copia número Tipo de ítem Koha
    Clasificación de Library of Congress     Recursos Regionales Biblioteca Juan Bosch Biblioteca Juan Bosch Recursos Regionales (2do. Piso) 10/04/2023 430 DS 110 F483h 2012 00000105767 23/10/2018 1 Libro